000 01509 a2200301 4500
005 20160826094917.0
008 160826s2016 ck |||fr|||| 000 0 spa d
020 _a9789585936638
040 _aCO-BoUCM
_bspa
_cSandra Palacio
_dSandra Palacio
041 0 _aspa
110 1 _aOrganización Iberoamericana de Seguridad Social
_979194
245 _aNuevos principios de la seguridad social para el siglo XXI
_cCoordinadora Martha Elisa Monsalve Cuéllar ; coordinadores académicos Hugo Barretto Ghione, Gabriela Mendizábal Bermúdez
246 _aNuevos principios de la seguridad social para el siglo XXI
_bHomenaje del Instituto Latinoamericano de Derecho del Trabajo y de la Seguridad Social
260 _bOrganización Iberoamericana de Seguridad Social
_aBogotá (Colombia)
_c2016
300 _a613 páginas
504 _aIncluye referencias bibliográficas
650 7 _924114
_aSeguridad social
_xHistoria
650 7 _aSeguridad social
_xSiglo XXI
_979199
650 7 _aSeguridad social
_xPrincipio de integralidad
_zArgentina
_979200
650 7 _aSeguridad social
_xPrincipio de sustanciabilidad
_zBrasil
_979201
650 7 _aSeguridad social
_xPrincipio de unidad
_zColombia
_979202
690 _aDerecho social
_912830
700 1 _aMonsalve Cuéllar, Martha Elisa
_ecoordinador
_979195
700 1 _aBarretto Ghione, Hugo
_979196
700 1 _aMendizábal Bermúdez, Gabriela
_979197
942 _cLIBRO
_2DEWEY
_a8
_e1
_h344.980
_mP957np
999 _c304263
_d304263